Netherlands EURO 2021 Squad - Statistics

General Stats
  • This quiz has been taken 66 times
    46 since last reset
  • The average score is 16 of 26
Answer Stats
Hint Answer % Correct
MF Frenkie de Jong
97%
FW Luuk de Jong
97%
DF Matthijs De Ligt
92%
DF Denzel Dumfries
89%
FW Memphis Depay
89%
MF Georginio Wijnaldum
84%
FW Wout Weghorst
81%
DF Stefan De Vrij
78%
FW Donyell Malen
76%
DF Daley Blind
70%
DF Nathan Aké
68%
GK Maarten Stekelenburg
62%
FW Cody Gakpo
57%
DF Jurriën Timber
57%
GK Tim Krul
57%
MF Donny van de Beek
54%
MF Teun Koopmeiners
54%
MF Davy Klaassen
51%
MF Marten de Roon
49%
FW Steven Berghuis
49%
DF Patrick van Aanholt
46%
FW Quincy Promes
46%
MF Ryan Gravenberch
46%
DF Owen Wijndal
38%
GK Marco Bizot
35%
DF Joël Veltman
27%
No matching quizzes found
Score Distribution
Percent of People with Each Score
Percentile by Number Answered
Your Score History
You have not taken this quiz since the last reset